Statistiques concernant Terre du Milieu - Carte Quiz

Cliquez ici pour prendre le quiz!

Statistiques générales

  • Ce quiz a été pris 8 229 fois
    (8 078 depuis la dernière actualisation)
  • Le résultat moyen est 10 sur 20

Réponses sur la Carte

Les réponses sont colorées sur une échelle allant du rouge au vert en fonction du pourcentage des utilisateurs qui les ont devinées à leur premier essai. Vous pouvez retrouver ces pourcentages ci-dessous.
 

Statistiques - réponses

Réponse% Correct
Le Mordor
74%
Montagne Solitaire / Erebor
67%
La Comté
63%
Le Rohan
62%
Le Gondor
59%
Monts Brumeux
58%
La Moria (Porte)
57%
Minas Tirith
56%
Hobbitebourg
55%
Forêt Noire
54%
Bree
51%
Barad-dûr
48%
Les Havres Gris
45%
Gouffre de Helm
44%
Fondcombe
43%
Isengard / Orthanc
40%
Fangorn
37%
Lothlórien
37%
Dol Guldur
34%
Edoras
34%

Distribution des résultats

Percentile par nombre de réponses

% des personnes avec chaque résultat

Votre développement - résultats

Vous n’avez pas pris ce quiz depuis la dernière actualisation